| 000 | 00494nam a2200181Ia 4500 | ||
|---|---|---|---|
| 003 | OSt | ||
| 005 | 20260327123135.0 | ||
| 008 | 211028s2009 xx 000 0 und d | ||
| 040 | _cAIMIT LIBRARY | ||
| 041 | _aeng | ||
| 082 | _a658.8 MUKM | ||
| 100 |
_aMukthar F A, Muhammed;Girish M. _g716086 _96280 |
||
| 245 | _aAnalysis of customer satisfaction at sfahwar motives pvt, ltd / | ||
| 260 |
_bGirish M _c2009 |
||
| 600 |
_aMarketing _96281 |
||
| 650 |
_aMarketing _96282 |
||
| 942 |
_2ddc _cPRO |
||
| 999 |
_c218185 _d218185 |
||